Work for prisoners : report (Record no. 419305)

000 -LEADER
fixed length control field 00365cam a22001097a 4500
008 - FIXED-LENGTH DATA ELEMENTS--GENERAL INFORMATION
fixed length control field 180718b1961 xxu||||| |||| 00| 0 eng d
082 ## - DEWEY DECIMAL CLASSIFICATION NUMBER
Classification number Q947x42 Un3w
245 ## - TITLE STATEMENT
Title Work for prisoners : report
Statement of responsibility, etc. by Home Office, Scottish Home Department
260 ## - PUBLICATION, DISTRIBUTION, ETC.
Place of publication, distribution, etc. London
Name of publisher, distributor, etc. Her Majesty's Stationery Office
Date of publication, distribution, etc. 1961
300 ## - PHYSICAL DESCRIPTION
Extent 41p.
700 ## - ADDED ENTRY--PERSONAL NAME
Personal name U.K. Scottish Home Department.Home Office
Holdings
Withdrawn status Lost status Damaged status Not for loan Permanent Location Current Location Date acquired Full call number Barcode Date last seen Price effective from Koha item type
        Indian Institute of Public Administration Indian Institute of Public Administration 2009-07-02 Q947x42 Un3w 28163 2018-07-21 2018-07-21 Book

Powered by Koha